Score 0/30 Timer 08:00
0 Plays Today
% Correct
mule
89.2%
flat
87.9%
hose
84.4%
top
83.8%
sweater
83.5%
flip-flop
83.3%
uniform
81.9%
suit
75.7%
stiletto
75.6%
wrap
75.5%
scarf
75.5%
sock
73%
tie
72.8%
fleece
69.9%
cap
69.5%
% Correct
skirt
69%
shirt
68.1%
jacket
63.6%
coat
60%
jumper
59.3%
muff
57.2%
slip
55.8%
vest
55.6%
apron
54.8%
blouse
51.2%
shoe
49.7%
girdle
48.7%
dress
45.6%
shorts
37.4%
gown
35.5%

You're not logged in!

Compare scores with friends on all Sporcle quizzes.
OR
Log In

Sporcle TV

Today on Sporcle TV


Watch our educational content, quiz creation guides, and fun videos on Sporcle TV.

Show Comments

Extras

Top Quizzes Today


Score Distribution

Paid Content

Your Account Isn't Verified!

In order to create a playlist on Sporcle, you need to verify the email address you used during registration. Go to your Sporcle Settings to finish the process.

Report this User

Report this user for behavior that violates our Community Guidelines.

Details: